| 000 | 00620cam a2200229 4500 | ||
|---|---|---|---|
| 001 | B1452 | ||
| 008 | 090401t1985 xxu||||| |||| 00| 0 eng d | ||
| 035 | _a(Sirsi) u44466 | ||
| 041 | _aeng | ||
| 050 | _a630.1 | ||
| 110 |
_aCountry Landowners' Association _92816 |
||
| 245 | 4 | _aThe Gretton report : maintaining income from land | |
| 260 |
_aLondon _bCountry Landowners Association _c1985 |
||
| 300 | _a44p. ; 21cm. | ||
| 350 | _a3 | ||
| 650 | _aALTERNATIVE ENTERPRISES | ||
| 650 | _aFARM LAND | ||
| 700 |
_aGretton, John _xChairman |
||
| 700 |
_aHendrick, Baron _xChairman |
||
| 942 | _n0 | ||
| 948 | _c04/03/1997 | ||
| 999 |
_c91540 _d91540 |
||